000 00395cam a22001457a 4500
008 180718b1965 xxu||||| |||| 00| 0 eng d
082 _aA6x42 H55i
100 _aHill, Christopher
245 _aIntellectual origins of the English revolution
_cby Christopher Hill
260 _aLondon
_bOUP
_c1965
300 _a333p.
500 _a45/-
650 _aIntellectuals - UK
650 _aUK - History
999 _c368141
_d368141